WEST'S FEDERAL TAXATION (Record no. 11451)

MARC details
000 -LEADER
fixed length control field 00390nam a22001577a 4500
003 - CONTROL NUMBER IDENTIFIER
control field OSt
005 - DATE AND TIME OF LATEST TRANSACTION
control field 20211011143035.0
008 - FIXED-LENGTH DATA ELEMENTS--GENERAL INFORMATION
fixed length control field 211011b |||||||| |||| 00| 0 eng d
020 ## - INTERNATIONAL STANDARD BOOK NUMBER
International Standard Book Number 0304205527
040 ## - CATALOGING SOURCE
Original cataloging agency HU
Transcribing agency DDC
082 ## - DEWEY DECIMAL CLASSIFICATION NUMBER
Classification number 343.7304
245 ## - TITLE STATEMENT
Title WEST'S FEDERAL TAXATION
260 ## - PUBLICATION, DISTRIBUTION, ETC.
Place of publication, distribution, etc. INTERATIONAI THOMSON
Name of publisher, distributor, etc. WESTSOUTH WWESTERM
Date of publication, distribution, etc. 1998
300 ## - PHYSICAL DESCRIPTION
Extent XXVI,35CM
942 ## - ADDED ENTRY ELEMENTS (KOHA)
Source of classification or shelving scheme Dewey Decimal Classification
Koha item type Books like text book referance book
Suppress in OPAC No
Holdings
Withdrawn status Lost status Source of classification or shelving scheme Damaged status Not for loan Home library Current library Shelving location Date acquired Total Checkouts Full call number Barcode Date last seen Copy number Price effective from Koha item type
    Dewey Decimal Classification     Law & Governance lLbrary Law & Governance lLbrary General Stacks 10/11/2021   343.7304/WES LGCLIB000080 10/11/2021 C1 10/11/2021 Books like text book referance book
    Dewey Decimal Classification     Law & Governance lLbrary Law & Governance lLbrary General Stacks 10/11/2021   343.7304/WES LGCLIB0000809 10/11/2021 C2 10/11/2021 Books like text book referance book
    Dewey Decimal Classification     Natural & Computational Science Library Natural & Computational Science Library General Stacks 10/11/2021   343.7307/WES LGCLIB0000805 10/11/2021 C1 10/11/2021 Books like text book referance book